Technologie skla. 1. díl
Na minha lista:
| Autor principal: | |
|---|---|
| Formato: | Livro |
| Idioma: | idioma desconhecido |
| Publicado em: |
Praha
SNTL
1954
|
| Acesso em linha: | View in OPAC |
| Tags: |
Sem tags, seja o primeiro a adicionar uma tag!
|
MARC
| LEADER | 00000nam a2200000 a 4500 | ||
|---|---|---|---|
| 005 | 20260127133948.0 | ||
| 008 | 970813s1954 xx 0 und c | ||
| 035 | |a vtls001299103 | ||
| 035 | |a SNK000251059 | ||
| 039 | 9 | |a 200911251112 |b mschk03 |y 200412271833 |z VLOAD | |
| 040 | |a SNK |b slo |c SNK |d STUSCHK1 |e AACR2 | ||
| 100 | 1 | |a Kněžek, Zdeněk | |
| 245 | 1 | |a Technologie skla. 1. díl | |
| 260 | |a Praha |b SNTL |c 1954 | ||
| 300 | |a 384 s. | ||
| 910 | |a SCHK95 | ||
| 999 | |c 979 |d 979 | ||